| 000 | 00558nam a2200193Ia 4500 | ||
|---|---|---|---|
| 003 | GCL | ||
| 008 | 140319s9999 xx 000 0 ara d | ||
| 040 |
_aGCL / _cGCL |
||
| 082 | 0 | 4 |
_a615.3 _bم ط |
| 100 | 1 | _aمختار سالم | |
| 245 | 1 | 0 |
_aالطب الاخضر وصفات علاجية شعبية / _cمختار سالم |
| 260 |
_a[S.N] : _bمكتبة رجب ، _c1993 |
||
| 300 | _a163 ص | ||
| 490 | _a | ||
| 650 | 0 | 4 | _aالطب الشعبى |
| 650 | 0 | 4 | _aالعلاج النفسى |
| 650 | 0 | 4 | _aالنباتات الطبية |
| 942 |
_2ddc _cBK |
||
| 999 |
_c53557 _d53557 |
||